00561 a2200109 4500020001500000082001800015245027400033260006600307300003200373650002300405650002300428 a078440058X a624.15136 ROL aIn-situ deep soil improvement :bproceedings of sessions sponsored by the Geotechnical Engineering Division of the American Society of Civil Engineers in conjunction with the ASCE National Convention in Atlanta, Georgia, October 9-13, 1994 /cedited by Kyle M. Rollins. aNew York, N.Y. :bAmerican Society of Civil Engineers,c1994. av, 149 p. :bill. ;c22 cm. aSoil stabilization aSoil stabilization